NLSUI OPAC header image

The British raj in India : A historical review (Record no. 38292)

MARC details
000 -LEADER
fixed length control field 01377nam a2200217Ia 4500
003 - CONTROL NUMBER IDENTIFIER
control field OSt
005 - DATE AND TIME OF LATEST TRANSACTION
control field 20210304120914.0
008 - FIXED-LENGTH DATA ELEMENTS--GENERAL INFORMATION
fixed length control field 160316s1995 xxu||||| |||| 00| 0 eng d
020 ## - INTERNATIONAL STANDARD BOOK NUMBER
International Standard Book Number 9780195777345
040 ## - CATALOGING SOURCE
Transcribing agency n
082 ## - DEWEY DECIMAL CLASSIFICATION NUMBER
Classification number 954.000000
Item number BUR
100 ## - MAIN ENTRY--PERSONAL NAME
Personal name Burke S M
245 ## - TITLE STATEMENT
Title The British raj in India : A historical review
260 ## - PUBLICATION, DISTRIBUTION, ETC.
Place of publication, distribution, etc. New Delhi
Name of publisher, distributor, etc. Oxford University Press
Date of publication, distribution, etc. 1995
300 ## - PHYSICAL DESCRIPTION
Extent 699p
365 ## - TRADE PRICE
Price amount Gratis
505 ## - FORMATTED CONTENTS NOTE
Formatted contents note Summry: <br/>his scholarly study is different from earlier books on the Raj in that it is neither hero-oriented nor self justifying. The emphasis instead is on world events and developments inside the subcontinent which influenced the conduct of the leaders, and affected the course of events. It is the crucial transfer of power process resulting in the partition of Britain's Indian Empire into two independent states that is appraised. The authors have made good use of the massive documentation made available by the British Government since 1983, as well as the unique archives kept in the British Museum. These have enabled the authors to throw some new light on the partition process, in particular on the workings of the Radcliff Boundary Awards Commission.
650 ## - SUBJECT ADDED ENTRY--TOPICAL TERM
Topical term or geographic name entry element 1. India - Politics & Government - 1857 - 19192. India - Politics & Government - 1919 - 1947
700 ## - ADDED ENTRY--PERSONAL NAME
Personal name Quraishi Salim Ai-Din
--
942 ## - ADDED ENTRY ELEMENTS (KOHA)
Source of classification or shelving scheme Dewey Decimal Classification
Koha item type BOOKs
Holdings
Withdrawn status Lost status Damaged status Not for loan Home library Current library Shelving location Date acquired Total Checkouts Full call number Barcode Date last seen Price effective from Koha item type
        NLS NLS Library Compactors 30/05/2017   954 BUR 32300 30/05/2017 30/05/2017 BOOKs